00345nam a2200145Ia 45000030006000000080041000060400015000471000014000622450039000762500006001152600041001213000006001625460014001680050017001820STCL150530s9999 xx 000 0 und d aSTCLcSTCL aRoy, K.M. aKaalathinu Munpe Nadanna Manjooran a1 bMathai Manjuram Memorial Trustc2000 a0 aMalayalam20220125171816.0